| 000 | 00338nam a2200121Ia 4500 | ||
|---|---|---|---|
| 008 | 230907s9999||||xx |||||||||||||| ||und|| | ||
| 082 |
_a660.28 _bFEL |
||
| 100 |
_aFelder, Richard M., _9115576 |
||
| 245 | 0 | _aElementary principles of chemical processes / | |
| 260 |
_aWiley, _bHoboken, NJ : _c2005 |
||
| 300 | _axxvi, 675 p. : | ||
| 942 | _cBK | ||
| 999 |
_c598847 _d598847 |
||